| 000 | 00506cam a22001815i 4500 | ||
|---|---|---|---|
| 003 | Nust | ||
| 005 | 20170216102738.0 | ||
| 008 | 170216b xxu||||| |||| 00| 0 eng d | ||
| 040 | _cNust-MCE | ||
| 082 |
_a666.893 _bUNI _cL-19, P-61 |
||
| 110 | 1 | _aUnited States. | |
| 245 | 1 | 0 |
_aConcrete manual; _ba manual for the control of concrete construction. |
| 250 | _a7th ed. | ||
| 260 |
_aDenver, Colo.; _a[Washington, _bGovt. Print. Off.] _c1963. |
||
| 300 |
_axxxv, 642 p. _c19 cm. |
||
| 650 | _aMCE | ||
| 942 | _cBK | ||
| 999 |
_c227004 _d227004 |
||